| 000 | 00000nas##2200000za#4500 |
| 001 | 9.506430 |
| 003 | CaOODSP |
| 005 | 20220125145840 |
| 007 | cr ||||||||||| |
| 008 | 150406c1998||||xxc|| p o||||f| |0eng|d |
| 022 | |a1495-3315 |
| 040 | |aCaOODSP|beng |
| 043 | |an-cn--- |
| 086 | 1 |aD1-15E-PDF |
| 110 | 1 |aCanada.|bDepartment of National Defence. |bChief of the Defence Staff. |
| 245 | 10|aAnnual report of the Chief of the Defence Staff |h[electronic resource] |
| 260 | |aOttawa - Ontario : |bNational Defence. |
| 310 | |aAnnual |
| 362 | 1 |a[1997/1998] - 2003/2004 |
| 500 | |a"I am pleased to present, for the fourth consecutive year, my Annual Report on the state of the Canadian Forces."--page 3 of 59, 2000/2001 report. -- Ceased with 2003/2004 report? |
| 690 | 07|aArmed forces|2gcpds |
| 775 | 08|tRapport annuel de ... du Chef d'état-major de la défense.|w(CaOODSP)9.502826 |